| 000 | 00379nam a2200109Ia 4500 | ||
|---|---|---|---|
| 008 | 160909s9999 xx 000 0 und d | ||
| 100 | _aDeStefano, R.J. | ||
| 245 | _aImproving Enterprise Data Governance Through Ontology and Linked Data | ||
| 260 |
_bPace University. _c2016 |
||
| 650 | _aInformation Technology | ||
| 856 | _uhttp://pqdtopen.proquest.com/doc/1781242027.html?FMT=ABS | ||
| 999 |
_c303756 _d303756 |
||